Le pouvoir des volontés individuelles en droit des sûretés./
Guardat en:
| Autor principal: | |
|---|---|
| Format: | Llibre |
| Idioma: | francès |
| Publicat: |
Paris, France :
L.G.D.J.,
2005.
|
| Col·lecció: | Thèses,
|
| Matèries: | |
| Etiquetes: |
Afegir etiqueta
Sense etiquetes, Sigues el primer a etiquetar aquest registre!
|
MARC
| LEADER | 00000cam a2200000 a 4500 | ||
|---|---|---|---|
| 001 | 14058549 | ||
| 003 | CL-VaPUC | ||
| 005 | 20220822114507.0 | ||
| 008 | 050607s2005 fr b 001 0 fre d | ||
| 999 | |c 436072 |d 436070 | ||
| 010 | |a 2005455122 | ||
| 020 | |a 2913397522 | ||
| 035 | |a (CStRLIN)PAUL05-B11542 | ||
| 040 | |a PU-L |c Pontificia Universidad Católica de Valparaíso |d DLC | ||
| 042 | |a lccopycat | ||
| 043 | |a e-fr--- | ||
| 082 | |a 346.44074 DUP 2005 | ||
| 100 | 1 | |a Dupichot, Philippe. |e autor |9 870833 | |
| 245 | 1 | 3 | |a Le pouvoir des volontés individuelles en droit des sûretés./ |
| 260 | |a Paris, France : |b L.G.D.J., |c 2005. | ||
| 300 | |a 835 páginas. | ||
| 490 | 1 | |a Thèses, |x 1765-0291 | |
| 500 | |a At head ot title: Université Panthéon-Assas (Paris II). | ||
| 500 | |a c.1 Donación Familia Prof. Alejandro Guzmán Brito. | ||
| 504 | |a Includes bibliographical references (p. [743]-809) and index. | ||
| 583 | |c 20220616 |k Cristina María Rojas Aguilar | ||
| 650 | 0 | |a Caución y garantía |z Francia |9 870834 | |
| 650 | 0 | |a Obligaciones |x Derecho |z Francia |9 870835 | |
| 942 | |2 ddc |c BK |n 0 | ||
| 955 | |a oe17 2005-9-14 to SSCD |a sg18 2006-03-08 z-processor |i sg18 2006-03-08 |c sg09 2006-03-10 | ||
| 952 | |0 0 |1 0 |2 ddc |4 0 |6 346_440740000000000_DUP_2005 |7 1 |8 C_AGB |9 583802 |a BIBDER |b BIBDER |d 2022-06-16 |e Donación |i 5651926 |o 346.44074 DUP 2005 |p 5651926 |r 2023-01-25 |t 1 |w 2022-06-16 |y BK_US |k AGB | ||